Quizzes
Events
Quiz Creation
Community
Videos
Private Events
Remove Ads
Sign In
Join for FREE
Feedback
Dark Mode
Quiz Categories
Sports
Geography
Music
Movies
Television
Just For Fun
Miscellaneous
History
Literature
Language
Science
Gaming
Entertainment
Religion
Holiday
For Kids
Quiz Lab
Recent
Popular Today
Quiz Kudos Today
Editor Picks
Curator Picks
Quizzes by...
Day
Popularity
Type
Ratings
Length
Year
Community
Subscriptions
Recent Discussions
Orange Saloon
Badges
Playlists
Quests
Create
Leaderboards
Showdown
Live 5
Trivia Bingo
Activity
Puzzle Library
Sporcle Events
Private Events
Virtual Trivia
Globe League
Become a Host
Pub Owners
SporcleCon
Opinionation
Our Games
Videos
Blog
Mobile Apps
Partnerships
Remove Ads and Go Orange
Feedback
Geography
Country
Landmarks
City
State
Population
World
Capital
Continent
Flags
Europe
Africa
Asia
South America
North America
Oceania
Border
Canada
United Kingdom
Topography
United States
Geography
Country
Landmarks
City
State
Population
World
Capital
Continent
Flags
Europe
Africa
Asia
South America
North America
Oceania
Border
Canada
United Kingdom
Topography
United States
Random Quiz
Search Sporcle
×
Quiz Lab
Quiz Lab
Geography
Country
Type in answers that appear in a list
Type in answers that appear in a list
Classic
Best Score? Go Orange.
Country Quiz: Iran Stats
Can you name the facts about Iran?
By
GeoKing
9m
50 Questions
899 Plays
899 Plays
899 Plays
Comments
Comments
Give Quiz Kudos
Give Quiz Kudos
-
- Ratings
hide this ad
More Info
Replay
Link that replays current quiz
Next Quiz
Link to next quiz in quiz playlist
You Got
0%
They Got
Avg Score
59%
Avg Friend Score
Upgrade to see
Score Distribution
Jump to the score distribution portion of the page
Score
0/50
Timer
09:00
0
Plays Today
Hint
Answer
% Correct
Flag Color
Green
97.4%
Flag Color
White
97.4%
Flag Color
Red
97.3%
Largest Religious Denomination
Islam (Official)
95.4%
Capital City
Tehran
93.8%
Oldest Instituion of Higher Learning
University of Tehran
93.8%
Former Country Name
Persia
88.8%
Bordering Country
Iraq
88.5%
Official Name
Islamic Republic of Iran
87.3%
Official Language
Persian
86.8%
Bordering Country
Afghanistan
85.3%
Primary Continent
Asia
84.4%
Bordering Country
Pakistan
82.9%
Bordering Gulf
Persian Gulf
81.6%
Most Popular Sport
Football (Soccer)
80.5%
Drives on the...
Right
80.2%
Nationality (Demonym)
Iranian
80.1%
Bordering Country
Turkey
78.4%
Major Export
Petroleum
77.4%
Motto
Independence, Freedom, the Islamic Republic
76.2%
Bordering Country
Azerbaijan
76.1%
Bordering Country
Armenia
75%
Age of Suffrage
18
74.2%
Bordering Country
Turkmenistan
72.9%
Destructive War in 1980's
Iran-Iraq War
61.4%
Hint
Answer
% Correct
Famous Former 10 Year Leader
Grand Ayatollah Khomeini
61%
Bordering Sea
Caspian Sea
59%
Lowest Point
Caspian Sea (-28 m)
58.6%
Currency
Iranian Rials (IRR)
56.2%
1979 US Incident in Iran
Iran Hostage Crisis
52.6%
Supreme Leader (Ayatollah)
Ali Hoseini-Khamenei
51.1%
President
Hassan Rouhani
51.1%
Former Shah of Iran
Reza Pahlavi
46.6%
Second Largest City
Mashhad
45.3%
Third Largest City
Esfahan
43.8%
Number of Ostanha (Provinces)
31
42.2%
Fifth Largest City
Tabriz
40.8%
Bordering Gulf
Gulf of Oman
40%
Government Type
Theocratic Republic
26.6%
Highest Point
Kuh-e Damavand (5,671 m)
25.5%
Famous Islamic Motto
Allahu Ackbar (God is Great)
23.5%
2009-
2010 Iranian Election Protest Movement
Green Revolution
23%
Republic Day
April 1, 1979
22.8%
Largest Stadium
Azadi Stadium
22.6%
Largest Province
Sistan and Baluchistan
21.2%
Largest Lake
Lake Urmia
18.9%
Fourth Largest City
Karaj
18.7%
Longest River
Karun River
14%
National Anthem
National Anthem of the Islamic Republic of Iran
9.2%
Presidential Residence
Beit Rahbari Presidential Palace
5.2%
Quiz Playlist
Details
Report
Send in Message
Add To Playlist
More Info:
Note--due to stability issues, government related responses are subject to change
Classic:
Type in answers that appear in a list
Quiz Source
Last Updated: Feb 16, 2017
Quiz Scoreboard
CHALLENGE
Sign Up to Join the Scoreboard
Show All
Scores
Hide
Comments
May contain spoilers
Recently Published
Click the 1999 NBA Draft
by nibperrychub
Sports
2m
Alphabetical 'K' Countries by Flag Minefield
by ylime102
Geography
3m
Pick 6: Fruits
by JohnFran
Miscellaneous
15s
More to Explore
Quiz From the Vault
Featured Blog Post
15 Basketball Trivia Facts You Can Be March Mad About
hide this ad
You Might Also Like...
Tags
Asia Quiz
Country Quiz
Iran
Middle East
Today's Top Quizzes in Geography
Browse Geography
hide this ad
Today's Top Quizzes in Country
Browse Country
Top Contributed Quizzes in Geography
1
Complete the Map Snippet (Minefield) IX
2
Countries of the World - No Outlines Minefield
3
Alphabetical 'B' Countries by Flag Minefield
4
Find the Landmarks A-Z
5
Alphabetical 'L' Countries By Flag Minefield
6
Countries of Africa - No Outlines, No Skips Minefield
7
Alphabetical 'A' Countries by Flag Minefield
8
Pick 6: Mountains
9
30 Pics in 60: Landmarks
10
Alphabetical 'N' Countries by Flag Minefield
Explore More
Trending Topics
NBA
Crossword
Anime
Kpop
Harry Potter
Marvel
Disney
WWE
The Office
Puzzle
Soccer
Pokémon
Country
NFL
Song
hide this ad
More By:
GeoKing
Quiz
Plays
Rating
Category
Featured
Created
The Iraq Quiz
46,417
4.45
Geography
Sep 10, 2011
The Venezuela Quiz
18,365
4.62
Geography
Aug 23, 2011
U.S. World Interventions Post World War 2
972
4.25
History
Dec 26, 2011
Country Quiz: Saudi Arabia
943
3.69
Geography
Sep 9, 2011
Country Quiz: Iran
899
3.23
Geography
Aug 24, 2011
Go to Creator's Profile
Score Distribution
Quiz Creator Spotlight
GeoKing
Follow
Send a Message
Quizzes Created
-
Created Quiz Play Count
-
More By This Creator
Popular Quizzes Today
1
Find the US States - No Outlines Minefield
2
Countries of Asia Without Outlines Minefield
3
Pick 6: Fruits
4
Alphabetical 'K' Countries by Flag Minefield
5
The Countries of the World
6
Click the 1999 NBA Draft
7
Match the Book to the Film X
8
Find the US States
More Geography Quizzes
Populous Bordering Countries
Published
Trending Quizzes
Pick 6: Harry Potter
Pick 6: Golfers
Pick 6: Movie Franchises
Pick 6: Foods
Pick 6: Landmarks
Recently Updated
Women's Final Four Teams by Year
bhenderson79
Presidents Quartet II
eogle
Anything But Clue(do)
eogle
Anything But Oceanian Capitals
eogle
Anything But 7
eogle
Anything But Thing
eogle
Word Ladder: February 29
pecheneg
Song Title Questions
pecheneg
Women's NCAA Tournament #1 Seeds
pecheneg
Celebrity Mug Shots
pecheneg
Trending Topics
Anime
Harry Potter
Marvel
Disney
Kpop
NBA
Crossword
Country
The Office
WWE
NFL
Puzzle
Pokémon
Soccer
Song
Your Account Isn't Verified!
In order to create a playlist on Sporcle, you need to verify the email address you used during registration. Go to your
Sporcle Settings
to finish the process.
Report this User
Report this user for behavior that violates our
Community Guidelines
.
Details:
Send Report
Go to the Sporcle.com Mobile Site →
Comments